Fr. Conceicao Rodrigues College of Engineering

Enterprise cloud computing:Technology (Record no. 22761)

MARC details
000 -LEADER
fixed length control field 00390nam a2200169Ia 4500
082 ## - DEWEY DECIMAL CLASSIFICATION NUMBER
Classification number 4.65
Item number SHR
100 ## - MAIN ENTRY--PERSONAL NAME
Personal name Shroff/Gautam
245 ## - TITLE STATEMENT
Title Enterprise cloud computing:Technology
260 ## - PUBLICATION, DISTRIBUTION, ETC.
Name of publisher, distributor, etc. Cambridge University Press
Date of publication, distribution, etc. 2010
366 ## - TRADE AVAILABILITY INFORMATION
Publishers's discount category 27
300 ## - PHYSICAL DESCRIPTION
Extent 273
546 ## - LANGUAGE NOTE
Language note ENGLISH
-- Computers
650 ## - SUBJECT ADDED ENTRY--TOPICAL TERM
Topical term or geographic name entry element Cloud computing
654 ## - SUBJECT ADDED ENTRY--FACETED TOPICAL TERMS
Focus term cloud computing
942 ## - ADDED ENTRY ELEMENTS (KOHA)
Koha item type BOOK
Holdings
Withdrawn status Lost status Damaged status Not for loan Collection Home library Current library Date acquired Source of acquisition Cost, normal purchase price Inventory number Total Checkouts Full call number Barcode Date last seen Cost, replacement price Price effective from Koha item type
        CRC Fr. Agnel's C.Rodrigues College of Engineering Fr. Agnel's C.Rodrigues College of Engineering 17/03/2023 Allied Publishers 437.27 1043 dt 03.11.2015   4.65 SHR 23837 17/03/2023 599.00   BOOK
        CRC Fr. Agnel's C.Rodrigues College of Engineering Fr. Agnel's C.Rodrigues College of Engineering 17/03/2023 Allied Publishers 437.27 1043 dt 03.11.2015   4.65 SHR 23838 17/03/2023 599.00   BOOK
        CRC Fr. Agnel's C.Rodrigues College of Engineering Fr. Agnel's C.Rodrigues College of Engineering 17/03/2023 Allied Publishers 437.27 1043 dt 03.11.2015   4.65 SHR 23839 17/03/2023 599.00   BOOK